Technological leap, Malaysian industry in transition

1. Introduction, 2. Technological level and competitiveness, 3. The growth of industrialization in Malaysia, ...

محفوظ في:
التفاصيل البيبلوغرافية
المؤلف الرئيسي: Fong, Chan Onn
التنسيق: كتاب
اللغة:Undetermined
منشور في: New York Oxford University Press 1986
الموضوعات:
الوسوم: إضافة وسم
لا توجد وسوم, كن أول من يضع وسما على هذه التسجيلة!
Thư viện lưu trữ: Trung tâm Học liệu Trường Đại học Cần Thơ
LEADER 00729nam a2200205Ia 4500
001 CTU_226340
008 210402s9999 xx 000 0 und d
082 |a 338.06 
082 |b F674 
100 |a Fong, Chan Onn 
245 0 |a Technological leap, Malaysian industry in transition 
245 0 |c Fong Chan Onn 
260 |a New York 
260 |b Oxford University Press 
260 |c 1986 
520 |a 1. Introduction, 2. Technological level and competitiveness, 3. The growth of industrialization in Malaysia, ... 
650 |a Công nghiệp sản xuất,Manufacturing industries,Manufacturing industries 
650 |z Malaysia,Malaysia 
910 |b nthai 
980 |a Trung tâm Học liệu Trường Đại học Cần Thơ